<?xml version="1.0" encoding="UTF-8"?>
<record
    xmlns:xsi="http://www.w3.org/2001/XMLSchema-instance"
    xsi:schemaLocation="http://www.loc.gov/MARC21/slim http://www.loc.gov/standards/marcxml/schema/MARC21slim.xsd"
    xmlns="http://www.loc.gov/MARC21/slim">

  <leader>01473    a2200241   4500</leader>
  <controlfield tag="001">47164</controlfield>
  <controlfield tag="005">20260407155740.0</controlfield>
  <controlfield tag="008">260407a1994    arg                 spa d</controlfield>
  <controlfield tag="003">AR-UNSa-BCEJYS</controlfield>
  <datafield tag="040" ind1=" " ind2=" ">
    <subfield code="a">AR-UNSa-BCEJYS</subfield>
    <subfield code="b">spa</subfield>
    <subfield code="c">AR-UNSa-BCEJYS</subfield>
  </datafield>
  <datafield tag="080" ind1=" " ind2=" ">
    <subfield code="a">330</subfield>
    <subfield code="x">Econom&#xED;a en general</subfield>
  </datafield>
  <datafield tag="245" ind1="1" ind2="0">
    <subfield code="a">Un viaje por la econom&#xED;a de nuestro tiempo</subfield>
  </datafield>
  <datafield tag="020" ind1=" " ind2=" ">
    <subfield code="a">950-9122-33-5</subfield>
  </datafield>
  <datafield tag="264" ind1=" " ind2="1">
    <subfield code="a">Barcelona :</subfield>
    <subfield code="b">Ediciones Ariel</subfield>
    <subfield code="c">1994</subfield>
  </datafield>
  <datafield tag="300" ind1=" " ind2=" ">
    <subfield code="a">222 p.</subfield>
    <subfield code="c">23 cm.</subfield>
  </datafield>
  <datafield tag="505" ind1=" " ind2=" ">
    <subfield code="a">1. La din&#xE1;mica mayor - 2. La gran divisoria - 3. Las ra&#xED;ces del desorden - 4. Deuda, inflaci&#xF3;n y John Maynard Keynes - 5. La escena econ&#xF3;mica de entonces: una digresi&#xF3;n - 6. Portentos - 7. La crisis econ&#xF3;mica - 8. La gran depresi&#xF3;n - 9. La nueva pol&#xED;tica - 10. La revoluci&#xF3;n de John Maynard Keynes - 11. El mundo en general - 12. La Segunda Guerra - 13. Gran Breta&#xF1;a y el otro lado - 14. La paz, I - 15. La paz, II - 16. Los a&#xF1;os buenos - 17. Descolonizaci&#xF3;n y desarrollo econ&#xF3;mico - 18. La iniciativa Kennedy - 19. La guerra contra la pobreza y la guerra - 20. Los a&#xF1;os oscuros - 21. De la derrota a la victoria - 22. El logro de Reagan - 23. La gran implosi&#xF3;n - 24. El milagro incierto - 25. El &#xFA;ltimo cap&#xED;tulo - </subfield>
  </datafield>
  <datafield tag="041" ind1=" " ind2=" ">
    <subfield code="a">spa</subfield>
  </datafield>
  <datafield tag="942" ind1=" " ind2=" ">
    <subfield code="c">BK</subfield>
  </datafield>
  <datafield tag="590" ind1=" " ind2=" ">
    <subfield code="a">niveau_biblio:m niveau_hierar:0</subfield>
  </datafield>
  <datafield tag="100" ind1="1" ind2=" ">
    <subfield code="a">Galbraith, John Kenneth</subfield>
  </datafield>
  <datafield tag="700" ind1="1" ind2=" ">
    <subfield code="a">Tapias trujillo, Ram&#xF3;n</subfield>
  </datafield>
  <datafield tag="856" ind1="4" ind2="1">
    <subfield code="u">https://www.biblioeco.unsa.edu.ar/pmb/images/libros/L127412.jpg</subfield>
    <subfield code="y">Imagen de portada</subfield>
    <subfield code="q">image/jpeg</subfield>
  </datafield>
  <datafield tag="999" ind1=" " ind2=" ">
    <subfield code="c">4305</subfield>
    <subfield code="d">4305</subfield>
  </datafield>
  <datafield tag="952" ind1=" " ind2=" ">
    <subfield code="0">0</subfield>
    <subfield code="1">0</subfield>
    <subfield code="4">0</subfield>
    <subfield code="7">0</subfield>
    <subfield code="a">BCEJYS</subfield>
    <subfield code="b">BCEJYS</subfield>
    <subfield code="c">16</subfield>
    <subfield code="d">2026-04-07</subfield>
    <subfield code="l">0</subfield>
    <subfield code="o">330 K34</subfield>
    <subfield code="p">L127412</subfield>
    <subfield code="r">2026-04-07 15:57:40</subfield>
    <subfield code="w">2026-04-07</subfield>
    <subfield code="y">L</subfield>
  </datafield>
</record>
